000 00258nam a2200097Ia 4500
008 240331s9999 xx 000 0 und d
082 _bMAN
100 _aXuan L. N. ed
245 4 _aThe management of cooperatives :
_bagricultural problems-Vietnamese
942 _cL
999 _c2681
_d2681